| 000 | 01519nam a2200385 a 4500 | ||
|---|---|---|---|
| 003 | CO-BoRNBP | ||
| 005 | 20241015113807.0 | ||
| 007 | ta | ||
| 008 | 060420s2006 ck gr 00010dspa d | ||
| 020 | _a9580493367 | ||
| 040 |
_aCO-BoBLA _bspa _cCO-BoBLA |
||
| 041 | 1 |
_aspa _hita |
|
| 082 | 0 | 4 |
_a155.418 _bB14m |
| 084 | _aC PAS | ||
| 100 | 1 |
_aPas Bagdadi, Masal. _943035 |
|
| 245 | 1 | 0 |
_aMataron mis cuentos de hadas : _bcómo explicarles la guerra y el terrorismo a nuestros niños / _cMasal Pas Bagdadi ; traductor Lina Bojanini. |
| 250 | _aPrimera edición | ||
| 264 |
_aBogotá, Colombia _bNorma _c2006 |
||
| 300 |
_a119 p. ; _c21 cm. |
||
| 336 |
_2rdacontent _atexto _btxt |
||
| 337 |
_2rdamedia _asin mediación _bn |
||
| 338 |
_2rdacarrier _avolumen _bnc |
||
| 500 | _aEn la carátula : Mataron mis cuentos de hadas : cómo explicarles la guerra y el terrorismo a nuestros niños. | ||
| 504 | _aIncluye bibliografía. | ||
| 534 | _tMi hanno ucciso le fiabe. come spiegare la guerra e il terrorismo ai nostri fligi. | ||
| 650 | 7 |
_aPsicología infantil. _2BLAAUTO _91631 |
|
| 650 | 7 |
_aMiedos infantiles. _2BLAAUTO _926360 |
|
| 650 | 1 | 7 |
_aProblemas emocionales. _2BLAAUTO _943036 |
| 650 | 1 | 7 |
_aNiños y violencia. _2BLAAUTO _943037 |
| 700 | 1 | 2 |
_aBojanini, Lina Patricia, _etr. _943038 |
| 740 | 0 | 2 | _aMataron mis cuentos de hadas : cómo explicarles la guerra y el terrorismo a nuestros niños. |
| 830 | 0 | _aPrograma de catalogación en la publicación | |
| 942 |
_2ddc _cBKLIT |
||
| 949 |
_an _bn |
||
| 999 |
_c38451 _d38451 |
||